Ústne pojednávanie a jeho priebeh pred obcou
Ústne pojednávanie je súčasťou procesu dokazovania, ktoré prebieha pred obcou, preto sa na jeho priebeh použije nielen ustanovenie § 21 zákona č. 71/1967 Zb. o správnom konaní (správny poriadok) v z. n. p. (ďalej len „správny poriadok“), ale aj tie ustanovenia správneho poriadku, ktoré ustanovujú zá...
Uložené v:
| Hlavný autor: | |
|---|---|
| Médium: | Kapitola |
| Jazyk: | Slovak |
| Predmet: | |
| Tagy: |
Žiadne tagy, Buďte prvý, kto otaguje tento záznam!
|
MARC
| LEADER | 00000naa a2200000 4500 | ||
|---|---|---|---|
| 001 | 0306795 | ||
| 005 | 20250205091510.9 | ||
| 041 | 0 | |a slo | |
| 044 | |a SK | ||
| 245 | 1 | 0 | |a Ústne pojednávanie a jeho priebeh pred obcou |c Ladislav Hrtánek |
| 520 | |a Ústne pojednávanie je súčasťou procesu dokazovania, ktoré prebieha pred obcou, preto sa na jeho priebeh použije nielen ustanovenie § 21 zákona č. 71/1967 Zb. o správnom konaní (správny poriadok) v z. n. p. (ďalej len „správny poriadok“), ale aj tie ustanovenia správneho poriadku, ktoré ustanovujú základné zásady správneho konania a priebeh jeho dokazovania pred obcou. | ||
| 610 | 2 | 0 | |a konanie správne |
| 610 | 2 | 0 | |a poriadok správny |
| 610 | 2 | 0 | |a obce |
| 610 | 2 | 0 | |a dokumentácia |
| 100 | 1 | |a Hrtánek, Ladislav | |